[Event "ESP-chT Regional U16"]
[Site "Gijon"]
[Date "2021.06.18"]
[Round "3.3"]
[White "Vega Bilbao, Leire"]
[Black "Lopez Milian, Adela"]
[Result "0-1"]
[WhiteElo "1142"]
[BlackElo "1564"]
[PlyCount "138"]
[EventDate "2021.06.17"]
[EventType "team-swiss"]
[EventRounds "6"]
[EventCountry "ESP"]
[SourceTitle "EXT 2022"]
[Source "ChessBase"]
[SourceDate "2021.10.06"]
[SourceVersion "1"]
[SourceVersionDate "2021.10.06"]
[SourceQuality "1"]
[WhiteTeam "Pais Vasco U16"]
[BlackTeam "Castilla La Mancha U16"]
[WhiteTeamCountry "ESP"]
[BlackTeamCountry "ESP"]

1. Nf3 d5 2. c4 c6 3. e3 Nf6 4. Nc3 Bg4 5. Qb3 b6 6. Ne5 Bc8 7. cxd5 Nxd5 8. Nxc6 Nxc6 9. Qxd5 Qxd5 10. Nxd5 Kd8 11. a3 e6 12. Nc3 Bb7 13. Be2 Ne5 14. 0-0 Rc8 15. d4 Nc4 16. Bxc4 Rxc4 17. Bd2 a6 18. Rfc1 Bd6 19. Na2 Rxc1+ 20. Rxc1 g5 21. Nb4 Kd7 22. Bc3 Rc8 23. Bd2 Rh8 24. Bc3 Rc8 25. Nd3 f6 26. Bd2 Rh8 27. Bc3 Rc8 28. Bd2 Rh8 29. Bc3 a5 30. d5 Rf8 31. dxe6+ Kxe6 32. Ne1 Rc8 33. Nc2 Be4 34. Nd4+ Ke7 35. Bd2 Rd8 36. f3 Bd5 37. Nf5+ Ke6 38. Nxd6 Rxd6 39. Bc3 a4 40. Rd1 Rc6 41. e4 Bc4 42. Re1 b5 43. e5 f5 44. g3 h5 45. f4 g4 46. Rd1 Bd5 47. Rd4 Rc8 48. Rb4 Bc4 49. Kf2 Rd8 50. Ke3 Rd3+ 51. Kf2 Rd1 52. Be1 Rc1 53. Ke3 Rxe1+ 54. Kd2 Re2+ 55. Kc3 Kd5 56. e6 Rxe6 57. Kd2 Kc5 58. Kc3 Re3+ 59. Kd2 Re2+ 60. Kc3 Rf2 61. h3 gxh3 62. g4 hxg4 63. Rxc4+ bxc4 64. b3 cxb3 65. Kd3 Rf3+ 66. Ke2 Kd4 67. Kd2 Rf2+ 68. Ke1 Rg2 69. Kf1 Ke3 0-1